000 00605nam a22001817a 4500
008 151205b xxu||||| |||| 00| 0 eng d
020 _a9781605474007
050 _aSPE RC 76 .B53 2009
100 _aBickley, Lynn S.
_d2009
245 _aBates' guide to Physical Examination and History taking.
_cLynn S. Bickley,
250 _a10th ed.
260 _aNew York:
_bWolters kluwer,
_c2009.
300 _axxii, 964p.: ill.
_bIncludes Index,
650 _aMedical History Taking
700 _aSzilagyi, Peter G.
700 _aBates,Barbara.
942 _2lcc
_cBOOKS
_hSPE RC 76 .B53 2009
999 _c10441
_d10441